000 00219 a2200097 4500
001 11050
100 _aDavies, Co.
245 _aThe Problem the North-West Frontier
260 _a
_bCurzon Press
_c
090 _c8615
_d8615
942 _aNUST-CAE
_cM
_c35395
999 _c246123
_d246123